000 00201 a2200097 4500
001 1119
100 _aLiwsehitz,M.
245 _aDirect current machines
260 _a
_bNostrand
_c
090 _c682
_d682
942 _aNUST-CAE
_cM
_c33400
999 _c236192
_d236192